Statistics for NCAA College Teams by State: Maine

Click here to take the quiz!

General Stats

  • This quiz has been taken 19 times
  • The average score is 5 of 12

Answer Stats

% Correct
Division I-AAMaineBlack Bears
100%
Division IIISouthern MaineHuskies
47%
Division IIIBowdoinPolar Bears
41%
Division IIIColbyMules
41%
Division IIIBatesBobcats
35%
Division IIINew EnglandNor'easters
35%
Division IIIHussonEagles
29%
Division IIIMaine MaritimeMariners
29%
Division IIIMaine-Presque IsleOwls
29%
Division IIIMaine-FarmingtonBeavers
24%
Division IIISaint Joseph's (ME)Monks
24%
Division IIIThomasTerriers
24%

Score Distribution

Percentile by Number Answered

Percent of People with Each Score

Your Score History

You have not taken this quiz